000 00513nam a2200193Ia 4500
005 20250508155854.0
008 008 250505s9999 xx 000 0 hin d
020 _a81-7304-354-X
037 _aTextual
040 _aFEDL
_beng
_cFEDL
041 _ahin
_2eng
084 _aB, NAP
_qFEDL
100 _aPandey Nar Singh
_9767738
245 0 _aNepoliyan bonapart
260 _aPrayag, India
_bChatrahitkari Pustakmala
_c1950
300 _a47p.
942 _cTEXL
_hB, NAP
999 _c1359763
_d1359763